000 00427nam a22001697a 4500
003 NUST - PNEC
005 20170116181115.0
008 151004b xxu||||| |||| 00| 0 eng d
020 _a-
040 _cLIBRARY
082 _a954.297 KAR
100 _913137
_aKarandikar, M. A.
245 _aIslam in India's transition to modernity
_cM. A. Karandikar
260 _c-
650 _913139
_aMuslims
_xHistory
942 _2ddc
_cBK
999 _c69280
_d69280